La simulazione del «Bonum Coniugum». Alla luce della giurisprudenza rotale.
Gorde:
| Egile nagusia: | |
|---|---|
| Formatua: | Liburua |
| Argitaratua: |
Milano, Italia:
Casa Editrice Dott. Antonio Milani,
2012.
|
| Saila: | Diritto Canonico - Diritto Ecclesiastico
|
| Gaiak: | |
| Etiketak: |
Etiketa erantsi
Etiketarik gabe, Izan zaitez lehena erregistro honi etiketa jartzen!
|
MARC
| LEADER | 00000nam a22000007a 4500 | ||
|---|---|---|---|
| 003 | CL-VaPUC | ||
| 005 | 20231031162009.0 | ||
| 008 | 231020t2012 ||||| |||| 00| 0 eng d | ||
| 999 | |c 442148 |d 442146 | ||
| 020 | |a 978-88-13-33204-4 | ||
| 040 | |c Pontificia Universidad Católica de Valparaíso | ||
| 082 | 0 | 4 | |2 22 |a 262.9 BER 2012 |
| 100 | 1 | |a Bertolini, Giacomo |e autore |9 885250 | |
| 245 | 1 | 3 | |a La simulazione del «Bonum Coniugum». Alla luce della giurisprudenza rotale. |
| 260 | |a Milano, Italia: |b Casa Editrice Dott. Antonio Milani, |c 2012. | ||
| 300 | |a 315 páginas. | ||
| 490 | 0 | |a Diritto Canonico - Diritto Ecclesiastico |n 19. | |
| 500 | |a c.1 Donación profesor Carlos Salinas Araneda. Memo N° 038. | ||
| 583 | |c 20231020 |k Catalogador Asistente | ||
| 650 | 1 | |a Matrimonio |x Derecho canónico |9 862520 | |
| 650 | 1 | |a Simulación |x Derecho canónico |9 885367 | |
| 650 | 1 | |a Bien de los cónyuges |9 885368 | |
| 650 | 1 | |a Nulidad matrimonial |9 399857 | |
| 942 | |2 ddc |c BK | ||
| 952 | |0 0 |1 0 |2 ddc |4 0 |6 262_900000000000000_BER_2012 |7 0 |8 A |9 592051 |a BIBDER |b BIBDER |d 2023-10-20 |e Donación |i 5659104 |o 262.9 BER 2012 |p 5659104 |r 2023-10-20 |t 1 |w 2023-10-20 |y BK |k DER | ||